00538pab a2200157 454500008004000000100002000040245010500060260000900165300001200174362001000186650002700196773002600223909001000249999001700259952010400276180718b1988 xxu||||| |||| 00| 0 eng d aFujimoto, Akimi aThe economics of land tenure and rice production in a double - cropping village in Southern Thailand c1988 a189-211 aSept. aLand Tenure - Thailand aDevelopment Economics a12145 c12145d12145 00104070aIIPAbIIPAd2018-07-19hVolume no: 26, Issue no: 3pAR12186r2018-07-19w2018-07-19yAR